000 00517nam a2200181Ia 4500
999 _c7720
_d7720
020 _a9788189884529
082 _aRR 920.7254 MAZ-M
100 _aMazumdar, Vina
245 0 _aMemories of a rolling stone
260 _aNew Delhi
_bZubaan
_c2010
300 _aviii, 183
650 _aMazumdar, Vina
_vBiography
650 _aWomen
_vIndia
_vSocial conditions
650 _aWomen social reformers
_vIndia
_vBiography
650 _aWomen
_zIndia
_zHistory
650 _aWomen social workers
_vIndia
_vBiography
942 _cBK